Good Riddance (Deluxe) - Album (Gracie Abrams) - Statistics

General Stats
  • This quiz has been taken 33 times
  • The average score is 13 of 16
Answer Stats
# Title % Correct
2. I know it won't work
100%
7. Amelie
95%
1. Best
95%
15. 405
90%
3. Full Machine
90%
9. This is what the drugs are for
86%
14. Unsteady
86%
4. Where do we go now?
86%
13. Block me out
81%
12. Right now
81%
8. Difficult
76%
10. Fault line
76%
11. The blue
76%
16. Two people
76%
5. I should hate you
71%
6. Will you cry?
67%
No matching quizzes found
Score Distribution
Percent of People with Each Score
Percentile by Number Answered
Your Score History
You have not taken this quiz